000 00973nas a2200301 4500
001 BR2010002009
003 BR-BrBNA
005 20231205114152.0
007 ta
008 230509b bl.|||p| |||| 00| 00por d
040 _aBR-BrBNA
_bpor
_cBiblioteca Nacional de Agricultura
041 _a(Pt)
072 _aQ03
100 1 _aCardoso, A.A.
100 1 _aAbud, E.C.
100 1 _aVieira, P.M.
100 1 _aLacerda, P.F.
245 1 _aAvaliação das condições higiênico-sanitárias de jalecos e mãos de profissionais da saúde, usuários de uma unidade de alimentação e nutrição hospitalar
650 _aALIMENTO PREPARADO
650 _aHIGIENE DE ALIMENTO
650 _aCONTAMINAÇÃO
650 _aBACTÉRIA
650 _aCOLIFORME
650 _aMINAS GERAIS
773 0 _tHigiene Alimentar (Brazil)
_xISSN 0101-9171
_g(Jan-Feb 2010), v. 24(180-181) p. 43-47
_wBR2010002009
909 _a202311
_bLúcia
_c55
_dLúcia Elande
942 _2AGRIS
_n0
_cANA
999 _c207397
_d207397